| 000 | 00566nam a2200241 a 4500 | ||
|---|---|---|---|
| 001 | nice12345678 | ||
| 003 | IN_TiNIC | ||
| 005 | 20260116012013.0 | ||
| 008 | 050524s0000 amra grp 000 0 ara | ||
| 020 |
_a _c100 |
||
| 082 | 0 | 0 |
_a892.9 _bANO |
| 100 | _aAnonymous, | ||
| 245 | _aKitab Vasilatul Najat | ||
| 260 |
_aAmritsar _bMission Press _c0000 |
||
| 300 | _a299p | ||
| 500 | _aincludes index and biblioraphy | ||
| 505 | 2 | _aIndex | |
| 650 | _aIslam-Doctrines-Salvation | ||
| 700 | 1 | _aAnonymous, | |
| 902 | _bSRS | ||
| 942 | _cBK | ||
| 999 |
_c5242 _d5242 |
||